Churches by picture - Statistics

General Stats
  • This quiz has been taken 1,002 times
  • The average score is 11 of 20
Answer Stats
Picture Answer % Correct
Moscow
93%
Barcelona
91%
Paris
90%
Rome
84%
Firenze
83%
New York
78%
Milan
74%
Cologne
73%
Jerusalem
66%
London
55%
Venice
52%
Brasilia
48%
Reykjavik
45%
Reims
25%
Mexico
22%
Dresden
18%
Yamoussoukro
17%
Chartres
14%
Antwerp
13%
Washington DC
12%
No matching quizzes found
Score Distribution
Percent of People with Each Score
Percentile by Number Answered
Your Score History
You have not taken this quiz